00538nam a2200181 a 450000100060000000300090000600800410001502000150005604000280007108200160009910000270011524500270014226000680016930000110023765000500024865000220029865000360032010445CO-ViMGA141112s2004 ck r 000 u spa d a9581801537 aCO-ViMGAbspacCO-ViMGA04a928.61 S15c1 aSantos Molano, Enrique10aEl Corazón del Poeta aSantafé de Bogotá : bPresidencia de la República, c1997 a1295p.14aLITERATURA COLOMBIA - COLECCIONES DE ESCRITOS14aPOESIA COLOMBIANA14aSILVA JOSE ASUNCION 1865 - 1896